000 00874cam a2200277 4500
001 2678651
003 ARRUPE
005 20151104120252.0
008 740904s1975 nyu 000 0 eng
010 _a 74019167
020 _a0816411638
040 _aDLC
_cDLC
_dDLC
050 0 0 _aBX1396
_b.G54
082 0 0 _a282/.09/047
100 1 _aGilkey, Langdon,
_d1919-2004.
_920909
245 1 0 _aCatholicism confronts modernity;
_ba Protestant view
_c[by] Langdon Gilkey.
260 _aNew York,
_bSeabury Press
_c[1975]
300 _a211 p.
_c22 cm.
350 _a$8.95
500 _a"A Crossroad book."
610 2 0 _aCatholic Church
_xDoctrines.
_920910
610 2 0 _aCatholic Church
_xHistory
_y20th century.
_920911
650 0 _aModernism (Christian theology)
_xCatholic Church.
_94192
906 _a7
_bcbc
_corignew
_d1
_eocip
_f19
_gy-gencatlg
942 _2lcc
_cMONOGRAPH
999 _c123733
_d123733